MARC

LEADER 00000nam0a2200000 4500
001 299620
005 20231102001224.0
020 |a RU  |b 82-53538 
035 |a (RuTPU)RU\TPU\book\324772 
090 |a 299620 
100 |a 20150630d1982 km y0rusy5003 ca 
101 0 |a rus 
102 |a RU 
105 |a a z 001zy 
200 1 |a Цеолиты Сахалина  |f В. К. Горохов, В. М. Дуничев, О. А. Мельников  |g Академия наук СССР (АН СССР), Сахалинский комплексный научно-исследовательский институт (СахКНИИ) 
210 |a Владивосток  |c Дальневосточное книжное изд-во  |d 1982 
215 |a 106 с.  |c ил.  |d 22 см. 
320 |a Библиогр.: с. 98-105 
606 1 |a Цеолиты  |x Минералогия  |2 stltpush  |3 (RuTPU)RU\TPU\subj\72331  |9 85892 
610 1 |a цеолитовые месторождения 
610 1 |a Сахалин 
610 1 |a геологическое описание 
610 1 |a природные цеолиты 
610 1 |a диагностика 
610 1 |a химический состав 
610 1 |a структура 
610 1 |a физико-химические свойства 
610 1 |a применение 
675 |a 549.67  |z rus  |v 4 
700 1 |a Горохов  |b В. К.  |g Виталий Константинович  |4 070 
701 1 |a Дуничев  |b В. М.  |g Владимир Михайлович 
701 1 |a Мельников  |b О. А.  |g Олег Александрович 
712 0 2 |a Академия наук СССР (АН СССР)  |b Сахалинский комплексный научно-исследовательский институт (СахКНИИ)  |c (Южно-Сахалинск)  |c (1955-1984)  |2 stltpush  |3 (RuTPU)RU\TPU\col\15708 
801 0 |a RU  |b RuMRKP  |c 19950704  |g psbo 
801 1 |a RU  |b 63413507  |c 20150630 
801 2 |a RU  |b 63413507  |c 20170803  |g RCR 
942 |c BK